Normal view
MARC view
- POOJA B G
Entry Personal Name
001 - CONTROL NUMBER
- control field: 3967
003 - CONTROL NUMBER IDENTIFIER
- control field: OSt
005 - DATE AND TIME OF LATEST TRANSACTION
- control field: 20181119134844.0
008 - FIXED-LENGTH DATA ELEMENTS
- fixed length control field: 181119|| aca||aabn | a|a d
040 ## - CATALOGING SOURCE
- Original cataloging agency: OSt
- Transcribing agency: OSt
100 ## - HEADING--PERSONAL NAME
- Personal name: POOJA B G
670 ## - SOURCE DATA FOUND
- Source citation: Work cat.: (OSt)14892: POOJA B G, Comparative Evaluation of Naturally Ventilated Polyhouse and Rainshelter on the Performance of Tomato
